[Event "EYTCC-G"]
[Site "?"]
[Date "2017.08.17"]
[Round "1.18"]
[White "Caglar, Sila"]
[Black "Krzysztynska, Anna"]
[Result "1/2-1/2"]
[BlackElo "1717"]
[WhiteElo "2136"]
[LiveChessVersion "1.4.6"]

1. e4 {[%clk 1:30:54]} e5 {[%clk 1:30:53]} 2. Nc3 {[%clk 1:31:08]} Nf6
{[%clk 1:31:08]} 3. g3 {[%clk 1:31:30]} Bc5 {[%clk 1:30:56]} 4. Bg2
{[%clk 1:31:52]} O-O {[%clk 1:30:55]} 5. d3 {[%clk 1:29:33]} a6 {[%clk 1:30:32]}
6. h3 {[%clk 1:29:43]} Nc6 {[%clk 1:28:29]} 7. Nge2 {[%clk 1:29:45]} d6
{[%clk 1:28:11]} 8. O-O {[%clk 1:29:00]} Be6 {[%clk 1:25:42]} 9. Nd5
{[%clk 1:24:09]} Bxd5 {[%clk 1:12:08]} 10. exd5 {[%clk 1:24:31]} Ne7
{[%clk 1:10:17]} 11. Bg5 {[%clk 1:15:26]} Ng6 {[%clk 1:04:59]} 12. h4
{[%clk 0:59:21]} h6 {[%clk 1:02:36]} 13. Bxf6 {[%clk 0:52:24]} Qxf6
{[%clk 1:01:36]} 14. h5 {[%clk 0:51:50]} Ne7 {[%clk 0:57:03]} 15. Nc3
{[%clk 0:52:06]} Qf5 {[%clk 0:44:25]} 16. Kh2 {[%clk 0:45:10]} Qd7
{[%clk 0:39:56]} 17. f4 {[%clk 0:39:35]} f5 {[%clk 0:36:16]} 18. Qf3
{[%clk 0:27:37]} Kh8 {[%clk 0:30:57]} 19. Rae1 {[%clk 0:22:06]} Bd4
{[%clk 0:25:47]} 20. Nd1 {[%clk 0:15:50]} exf4 {[%clk 0:19:42]} 21. gxf4
{[%clk 0:12:32]} Ng8 {[%clk 0:17:54]} 22. c3 {[%clk 0:12:02]} Bb6
{[%clk 0:18:10]} 23. d4 {[%clk 0:04:07]} Nf6 {[%clk 0:16:14]} 24. Ne3
{[%clk 0:03:36]} Ng4+ {[%clk 0:13:26]} 25. Kh3 {[%clk 0:02:26]} Nf6
{[%clk 0:12:54]} 26. Kh2 {[%clk 0:02:09]} Ng4+ {[%clk 0:12:50]} 27. Kg3
{[%clk 0:02:26]} Nf6 {[%clk 0:11:13]} 28. Kh2 {[%clk 0:02:32]} Ng4+
{[%clk 0:10:59]} 29. Nxg4 {[%clk 0:02:22]} fxg4 {[%clk 0:11:21]} 30. Qd1
{[%clk 0:01:21]} Qf5 {[%clk 0:09:00]} 31. Kg3 {[%clk 0:01:32]} Qxh5
{[%clk 0:08:47]} 32. Qxg4 {[%clk 0:01:38]} Qxg4+ {[%clk 0:08:15]} 33. Kxg4
{[%clk 0:02:02]} Rae8 {[%clk 0:08:01]} 34. Re6 {[%clk 0:01:53]} Rxe6
{[%clk 0:06:33]} 35. dxe6 {[%clk 0:02:12]} c6 {[%clk 0:06:40]} 36. d5
{[%clk 0:02:01]} Re8 {[%clk 0:06:02]} 37. Re1 {[%clk 0:01:59]} c5
{[%clk 0:05:15]} 38. Be4 {[%clk 0:00:57]} Bd8 {[%clk 0:04:01]} 39. Bg6
{[%clk 0:01:03]} Re7 {[%clk 0:04:24]} 40. Kf5 {[%clk 0:31:00]} Rc7
{[%clk 0:31:57]} 41. Be8 {[%clk 0:31:10]} Kg8 {[%clk 0:24:03]} 42. Kg6
{[%clk 0:30:49]} Kf8 {[%clk 0:23:32]} 43. Bd7 {[%clk 0:30:34]} Bf6
{[%clk 0:23:24]} 44. Rh1 {[%clk 0:27:32]} Ke7 {[%clk 0:22:00]} 45. Rh2
{[%clk 0:25:19]} c4 {[%clk 0:17:53]} 46. Kf5 {[%clk 0:21:08]} Rc5
{[%clk 0:16:25]} 47. Ke4 {[%clk 0:21:27]} Ra5 {[%clk 0:15:46]} 48. a4
{[%clk 0:19:53]} Rc5 {[%clk 0:15:40]} 49. Rh1 {[%clk 0:19:51]} Ra5
{[%clk 0:14:56]} 50. Rb1 {[%clk 0:19:25]} Rc5 {[%clk 0:15:07]} 51. b4
{[%clk 0:13:36]} Rc7 {[%clk 0:13:04]} 52. Rc1 {[%clk 0:10:00]} b6
{[%clk 0:10:58]} 53. Bc6 {[%clk 0:05:21]} Ra7 {[%clk 0:07:58]} 54. Rc2
{[%clk 0:04:46]} Rc7 {[%clk 0:07:39]} 55. Kf5 {[%clk 0:03:13]} Ra7
{[%clk 0:07:05]} 56. Kg6 {[%clk 0:03:28]} Rc7 {[%clk 0:07:02]} 57. b5
{[%clk 0:01:43]} a5 {[%clk 0:07:05]} 58. Re2 {[%clk 0:01:21]} Rc8
{[%clk 0:04:35]} 59. Re4 {[%clk 0:01:13]} Bxc3 {[%clk 0:03:38]} 60. Rxc4
{[%clk 0:01:36]} Bf6 {[%clk 0:03:44]} 61. Rc2 {[%clk 0:01:09]} Bd4
{[%clk 0:02:21]} 62. Rd2 {[%clk 0:00:57]} Bf6 {[%clk 0:00:39]} 63. Rd1
{[%clk 0:00:47]} Rc7 {[%clk 0:00:44]} 64. Rh1 {[%clk 0:00:48]} Rc8
{[%clk 0:01:07]} 65. Rg1 {[%clk 0:00:51]} Bd4 {[%clk 0:01:09]} 66. Rd1
{[%clk 0:00:55]} Bf6 {[%clk 0:01:32]} 67. Rd3 {[%clk 0:01:22]} Rc7
{[%clk 0:01:51]} 68. Rg3 {[%clk 0:01:33]} Rc8 {[%clk 0:01:53]} 1/2-1/2

[Event "EYTCC-G"]
[Site "?"]
[Date "2017.08.18"]
[Round "2.1"]
[White "Injac, Teodora"]
[Black "Unuk, Laura"]
[Result "0-1"]
[BlackElo "2343"]
[WhiteElo "2279"]
[LiveChessVersion "1.4.6"]

1. Nf3 {[%clk 1:30:57]} Nf6 {[%clk 1:30:40]} 2. c4 {[%clk 1:31:21]} e6
{[%clk 1:31:05]} 3. Nc3 {[%clk 1:31:38]} d5 {[%clk 1:31:22]} 4. d4
{[%clk 1:32:02]} Be7 {[%clk 1:31:43]} 5. cxd5 {[%clk 1:31:55]} exd5
{[%clk 1:31:36]} 6. Bg5 {[%clk 1:32:10]} h6 {[%clk 1:31:20]} 7. Bh4
{[%clk 1:32:25]} O-O {[%clk 1:31:09]} 8. e3 {[%clk 1:28:10]} c6 {[%clk 1:23:43]}
9. Qc2 {[%clk 1:26:35]} Nbd7 {[%clk 1:17:29]} 10. Bd3 {[%clk 1:25:41]} Re8
{[%clk 1:17:08]} 11. O-O {[%clk 1:18:10]} Ne4 {[%clk 1:17:11]} 12. Bxe7
{[%clk 1:17:42]} Qxe7 {[%clk 1:17:35]} 13. Nd2 {[%clk 1:14:04]} f5
{[%clk 1:07:07]} 14. Rae1 {[%clk 1:10:01]} Ndf6 {[%clk 1:02:27]} 15. f3
{[%clk 1:04:21]} Nxd2 {[%clk 1:01:06]} 16. Qxd2 {[%clk 1:04:42]} Qd6
{[%clk 1:01:07]} 17. Qc2 {[%clk 0:51:24]} f4 {[%clk 0:57:25]} 18. exf4
{[%clk 0:49:13]} Qxf4 {[%clk 0:57:05]} 19. Rxe8+ {[%clk 0:48:35]} Nxe8
{[%clk 0:57:30]} 20. Qf2 {[%clk 0:43:53]} Nd6 {[%clk 0:56:51]} 21. Re1
{[%clk 0:21:41]} Bf5 {[%clk 0:56:28]} 22. Qe3 {[%clk 0:08:57]} Qh4
{[%clk 0:47:28]} 23. Rd1 {[%clk 0:07:20]} Bxd3 {[%clk 0:43:01]} 24. Qxd3
{[%clk 0:07:32]} Re8 {[%clk 0:43:13]} 25. Qf1 {[%clk 0:04:53]} Nc4
{[%clk 0:36:06]} 26. b3 {[%clk 0:03:10]} Ne3 {[%clk 0:35:20]} 27. Qe2
{[%clk 0:03:04]} Re7 {[%clk 0:34:48]} 28. g3 {[%clk 0:01:55]} Qh3
{[%clk 0:29:28]} 29. Rd2 {[%clk 0:01:11]} Kf8 {[%clk 0:29:06]} 30. Qf2
{[%clk 0:00:50]} Qf5 {[%clk 0:28:29]} 31. g4 {[%clk 0:00:38]} Qg6
{[%clk 0:26:46]} 32. Ne4 {[%clk 0:00:41]} Nxg4 {[%clk 0:24:22]} 33. Qg3
{[%clk 0:00:35]} dxe4 {[%clk 0:24:10]} 34. Qxg4 {[%clk 0:00:47]} Qxg4+
{[%clk 0:23:00]} 35. fxg4 {[%clk 0:01:15]} e3 {[%clk 0:23:17]} 36. Re2
{[%clk 0:01:27]} Re4 {[%clk 0:23:25]} 37. h3 {[%clk 0:00:42]} Kf7
{[%clk 0:22:32]} 38. Kg2 {[%clk 0:00:42]} Rxd4 {[%clk 0:22:40]} 0-1

[Event "EYTCC-G"]
[Site "?"]
[Date "2017.08.18"]
[Round "2.2"]
[White "Hrescak, Ivana"]
[Black "Gajcin, Marina"]
[Result "0-1"]
[BlackElo "2263"]
[WhiteElo "2022"]
[LiveChessVersion "1.4.6"]

1. d4 {[%clk 1:30:57]} Nf6 {[%clk 1:30:57]} 2. c4 {[%clk 1:31:21]} g6
{[%clk 1:31:23]} 3. f3 {[%clk 1:31:39]} d5 {[%clk 1:27:45]} 4. cxd5
{[%clk 1:31:58]} Nxd5 {[%clk 1:28:06]} 5. e4 {[%clk 1:32:21]} Nb6
{[%clk 1:28:33]} 6. Nc3 {[%clk 1:32:23]} Bg7 {[%clk 1:28:58]} 7. Be3
{[%clk 1:32:43]} O-O {[%clk 1:29:20]} 8. Qd2 {[%clk 1:32:39]} Nc6
{[%clk 1:20:34]} 9. O-O-O {[%clk 1:32:43]} a5 {[%clk 1:20:50]} 10. h4
{[%clk 1:24:59]} a4 {[%clk 1:21:17]} 11. Kb1 {[%clk 1:17:29]} Na5
{[%clk 1:19:25]} 12. Bh6 {[%clk 1:08:55]} Nac4 {[%clk 1:10:16]} 13. Qc1
{[%clk 1:08:32]} Bxh6 {[%clk 0:58:07]} 14. Qxh6 {[%clk 1:08:49]} Qd6
{[%clk 0:58:13]} 15. Nd5 {[%clk 0:58:22]} Nxb2 {[%clk 0:42:36]} 16. Nxe7+ Qxe7
{[%clk 0:42:47]} 17. Kxb2 {[%clk 0:40:48]} Be6 {[%clk 0:16:17]} 18. a3
{[%clk 0:25:19]} Bc4 {[%clk 0:13:02]} 19. Qg5 {[%clk 0:11:47]} Qd7
{[%clk 0:12:36]} 20. Nh3 {[%clk 0:09:47]} Bxf1 {[%clk 0:11:32]} 21. Rhxf1
{[%clk 0:10:09]} Ra5 {[%clk 0:08:50]} 22. Qc1 {[%clk 0:08:59]} Rb5+
{[%clk 0:07:25]} 23. Ka2 {[%clk 0:08:25]} Rb3 {[%clk 0:06:48]} 24. Nf4
{[%clk 0:07:36]} Qb5 {[%clk 0:06:27]} 25. Rf2 {[%clk 0:04:46]} Nc4
{[%clk 0:06:07]} 26. Rd3 {[%clk 0:03:18]} Rxd3 {[%clk 0:06:18]} 0-1

[Event "EYTCC-G"]
[Site "?"]
[Date "2017.08.18"]
[Round "2.3"]
[White "Narva, Mai"]
[Black "Sliwicka, Alicja"]
[Result "1/2-1/2"]
[BlackElo "2204"]
[WhiteElo "2210"]
[LiveChessVersion "1.4.6"]

1. e4 {[%clk 1:30:56]} e5 {[%clk 1:30:55]} 2. Nf3 {[%clk 1:31:16]} Nc6
{[%clk 1:31:18]} 3. Bb5 {[%clk 1:31:33]} a6 {[%clk 1:31:41]} 4. Ba4
{[%clk 1:31:57]} Nf6 {[%clk 1:32:05]} 5. O-O {[%clk 1:32:12]} Be7
{[%clk 1:32:29]} 6. Re1 {[%clk 1:32:33]} b5 {[%clk 1:32:53]} 7. Bb3
{[%clk 1:32:56]} d6 {[%clk 1:33:17]} 8. c3 {[%clk 1:33:08]} O-O {[%clk 1:33:39]}
9. h3 {[%clk 1:33:26]} Na5 {[%clk 1:34:01]} 10. Bc2 {[%clk 1:33:44]} c5
{[%clk 1:34:23]} 11. d4 {[%clk 1:33:53]} Nd7 {[%clk 1:34:46]} 12. Nbd2
{[%clk 1:30:04]} exd4 {[%clk 1:35:06]} 13. cxd4 {[%clk 1:29:44]} Nc6
{[%clk 1:35:27]} 14. Nf1 {[%clk 1:26:55]} cxd4 {[%clk 1:35:46]} 15. Nxd4
{[%clk 1:26:05]} Nxd4 {[%clk 1:36:09]} 16. Qxd4 {[%clk 1:26:25]} Ne5
{[%clk 1:36:32]} 17. Ne3 {[%clk 1:14:39]} Bxh3 {[%clk 1:31:56]} 18. f4
{[%clk 1:07:13]} Nc6 {[%clk 1:30:25]} 19. Qc3 {[%clk 1:05:34]} Bd7
{[%clk 1:28:38]} 20. Nd5 {[%clk 1:04:09]} Rc8 {[%clk 1:20:56]} 21. Qd3
{[%clk 1:02:05]} f5 {[%clk 1:06:23]} 22. Bd2 {[%clk 0:51:50]} Bh4
{[%clk 0:58:44]} 23. g3 {[%clk 0:45:24]} Bf6 {[%clk 0:56:00]} 24. Bc3
{[%clk 0:35:23]} Bxc3 {[%clk 0:54:48]} 25. Nxc3 {[%clk 0:34:47]} Qb6+
{[%clk 0:44:25]} 26. Kg2 {[%clk 0:32:31]} Nb4 {[%clk 0:43:41]} 27. Bb3+
{[%clk 0:31:11]} Kh8 {[%clk 0:44:00]} 28. Qd2 {[%clk 0:29:54]} a5
{[%clk 0:37:37]} 29. a3 {[%clk 0:13:45]} Na6 {[%clk 0:36:50]} 30. Rad1
{[%clk 0:08:51]} Nc5 {[%clk 0:27:06]} 31. Qxd6 {[%clk 0:06:46]} Qxd6
{[%clk 0:25:47]} 32. Rxd6 {[%clk 0:07:07]} fxe4 {[%clk 0:18:50]} 33. Bd5
{[%clk 0:05:29]} Bg4 {[%clk 0:14:49]} 34. Nxe4 {[%clk 0:00:45]} Nd3
{[%clk 0:13:59]} 35. Re3 {[%clk 0:00:49]} Rc2+ {[%clk 0:13:11]} 36. Kg1
{[%clk 0:00:54]} Rc1+ {[%clk 0:08:55]} 37. Kg2 {[%clk 0:01:03]} Rc2+
{[%clk 0:05:29]} 38. Kg1 {[%clk 0:01:17]} Rc1+ {[%clk 0:05:30]} 1/2-1/2

[Event "EYTCC-G"]
[Site "?"]
[Date "2017.08.18"]
[Round "2.4"]
[White "Antolak, Julia"]
[Black "Olde, Margareth"]
[Result "0-1"]
[BlackElo "2122"]
[WhiteElo "2204"]
[LiveChessVersion "1.4.6"]

1. e4 {[%clk 1:30:57]} c5 {[%clk 1:30:52]} 2. Nf3 {[%clk 1:31:22]} Nc6
{[%clk 1:31:17]} 3. d4 {[%clk 1:31:49]} cxd4 {[%clk 1:31:42]} 4. Nxd4
{[%clk 1:32:15]} e6 {[%clk 1:32:04]} 5. Nc3 {[%clk 1:32:21]} Qc7 {[%clk 1:32:27]}
6. Be2 {[%clk 1:32:42]} a6 {[%clk 1:32:51]} 7. Be3 {[%clk 1:32:37]} Nf6
{[%clk 1:32:56]} 8. O-O {[%clk 1:32:59]} Bb4 {[%clk 1:32:48]} 9. Nxc6
{[%clk 1:33:19]} bxc6 {[%clk 1:33:12]} 10. f4 {[%clk 1:33:42]} Bxc3
{[%clk 1:32:32]} 11. bxc3 {[%clk 1:34:06]} Nxe4 {[%clk 1:31:49]} 12. Bf3
{[%clk 1:34:18]} Nd6 {[%clk 1:30:12]} 13. Bc5 {[%clk 1:34:22]} Nb7
{[%clk 1:30:18]} 14. Bd4 {[%clk 1:34:28]} O-O {[%clk 1:24:33]} 15. Rb1
{[%clk 1:30:47]} d5 {[%clk 1:12:57]} 16. c4 {[%clk 1:18:49]} Nd6 {[%clk 1:07:48]}
17. Bb6 {[%clk 1:02:06]} Qd7 {[%clk 1:06:35]} 18. Bc5 {[%clk 1:01:39]} Rd8
{[%clk 0:59:02]} 19. cxd5 {[%clk 1:01:13]} cxd5 {[%clk 0:57:35]} 20. Bxd6
{[%clk 0:53:50]} Qxd6 {[%clk 0:57:59]} 21. Qd4 {[%clk 0:54:11]} Bd7
{[%clk 0:40:07]} 22. c4 {[%clk 0:50:45]} Rac8 {[%clk 0:31:15]} 23. cxd5
{[%clk 0:47:03]} Bc6 {[%clk 0:24:00]} 24. Rb6 {[%clk 0:25:36]} Qa3
{[%clk 0:22:34]} 25. Be2 {[%clk 0:19:19]} Rxd5 {[%clk 0:20:45]} 26. Qc4
{[%clk 0:18:32]} Qe3+ {[%clk 0:20:36]} 0-1

[Event "EYTCC-G"]
[Site "?"]
[Date "2017.08.18"]
[Round "2.5"]
[White "Martynkova, Olena"]
[Black "Pychova, Nela"]
[Result "1-0"]
[BlackElo "2201"]
[WhiteElo "2179"]
[LiveChessVersion "1.4.6"]

1. d4 {[%clk 1:30:54]} d5 {[%clk 1:30:50]} 2. c4 {[%clk 1:30:59]} dxc4
{[%clk 1:31:12]} 3. Nf3 {[%clk 1:31:11]} Nf6 {[%clk 1:31:33]} 4. e3
{[%clk 1:31:16]} e6 {[%clk 1:31:51]} 5. Bxc4 {[%clk 1:31:09]} a6 {[%clk 1:32:04]}
6. O-O {[%clk 1:30:56]} c5 {[%clk 1:32:06]} 7. Bb3 {[%clk 1:30:21]} Nc6
{[%clk 1:31:25]} 8. Qe2 {[%clk 1:28:34]} cxd4 {[%clk 1:30:37]} 9. Rd1
{[%clk 1:28:08]} Be7 {[%clk 1:30:34]} 10. exd4 {[%clk 1:27:46]} O-O
{[%clk 1:29:15]} 11. Nc3 {[%clk 1:25:48]} Na5 {[%clk 1:27:44]} 12. Bc2
{[%clk 1:24:46]} b5 {[%clk 1:26:39]} 13. d5 {[%clk 1:15:06]} exd5
{[%clk 0:56:02]} 14. Qd3 {[%clk 1:07:38]} Bb7 {[%clk 0:50:57]} 15. Bg5
{[%clk 0:57:40]} g6 {[%clk 0:49:40]} 16. Re1 {[%clk 0:51:49]} b4 {[%clk 0:40:09]}
17. Rxe7 {[%clk 0:38:49]} Qxe7 {[%clk 0:39:44]} 18. Qd4 {[%clk 0:38:37]} Kg7
{[%clk 0:29:50]} 19. Re1 {[%clk 0:35:22]} Qd8 {[%clk 0:29:45]} 20. Qxb4
{[%clk 0:35:02]} d4 {[%clk 0:22:22]} 21. Nxd4 {[%clk 0:30:22]} h6
{[%clk 0:21:28]} 22. Re7 {[%clk 0:25:25]} Bc8 {[%clk 0:11:27]} 23. Bxf6+
{[%clk 0:24:51]} Kxf6 {[%clk 0:10:42]} 24. Ne4+ {[%clk 0:24:58]} Kg7
{[%clk 0:10:27]} 25. Qc3 {[%clk 0:24:54]} Kg8 {[%clk 0:04:29]} 26. Nf6+
{[%clk 0:23:27]} Kh8 {[%clk 0:04:22]} 27. Qe3 {[%clk 0:23:10]} Kg7
{[%clk 0:02:42]} 28. Qe5 {[%clk 0:22:51]} Rh8 {[%clk 0:00:42]} 29. Nd5+
{[%clk 0:21:29]} Kg8 {[%clk 0:00:34]} 30. Re8+ {[%clk 0:21:43]} Qxe8
{[%clk 0:00:40]} 31. Qxe8+ {[%clk 0:22:04]} Kg7 {[%clk 0:00:53]} 32. Qe5+
{[%clk 0:22:07]} Kg8 {[%clk 0:00:45]} 33. Ne7+ {[%clk 0:20:44]} Kh7
{[%clk 0:00:58]} 34. Qf6 {[%clk 0:20:53]} 1-0

[Event "EYTCC-G"]
[Site "?"]
[Date "2017.08.18"]
[Round "2.6"]
[White "Kanakova, Natalie"]
[Black "Krasnokutskaya, Sofiya"]
[Result "0-1"]
[BlackElo "2182"]
[WhiteElo "2176"]
[LiveChessVersion "1.4.6"]

1. e4 {[%clk 1:30:57]} c5 {[%clk 1:30:52]} 2. Nf3 {[%clk 1:31:22]} e6
{[%clk 1:31:17]} 3. d4 {[%clk 1:31:48]} cxd4 {[%clk 1:31:42]} 4. Nxd4
{[%clk 1:32:14]} Nc6 {[%clk 1:31:48]} 5. Nc3 {[%clk 1:32:26]} Qc7
{[%clk 1:32:02]} 6. Be3 {[%clk 1:32:39]} a6 {[%clk 1:32:26]} 7. Be2
{[%clk 1:33:05]} Nf6 {[%clk 1:32:51]} 8. a3 {[%clk 1:33:15]} Be7 {[%clk 1:33:03]}
9. f4 {[%clk 1:33:24]} O-O {[%clk 1:32:13]} 10. e5 {[%clk 1:27:26]} Nd5
{[%clk 1:32:31]} 11. Nxd5 {[%clk 1:25:43]} exd5 {[%clk 1:32:56]} 12. Nf5
{[%clk 1:13:19]} d6 {[%clk 1:32:46]} 13. exd6 {[%clk 1:12:39]} Bxd6
{[%clk 1:32:35]} 14. Nxd6 {[%clk 1:11:46]} Qxd6 {[%clk 1:32:58]} 15. O-O
{[%clk 1:11:17]} Bf5 {[%clk 1:28:20]} 16. Bd3 {[%clk 1:04:37]} Qg6
{[%clk 1:21:15]} 17. Bxf5 {[%clk 0:57:21]} Qxf5 {[%clk 1:21:39]} 18. Rf3
{[%clk 0:52:22]} Rfe8 {[%clk 1:17:18]} 19. c3 {[%clk 0:40:19]} Re6
{[%clk 0:56:06]} 20. Qd2 {[%clk 0:31:24]} Na5 {[%clk 0:50:24]} 21. Qf2
{[%clk 0:29:57]} Rae8 {[%clk 0:49:13]} 22. Bd4 {[%clk 0:20:13]} Nb3
{[%clk 0:43:28]} 23. Qg3 {[%clk 0:16:04]} g6 {[%clk 0:37:17]} 24. Rd1
{[%clk 0:13:21]} Nxd4 {[%clk 0:34:23]} 25. cxd4 {[%clk 0:13:46]} Qc2
{[%clk 0:25:54]} 26. Rff1 {[%clk 0:10:19]} Qxb2 {[%clk 0:20:38]} 27. f5
{[%clk 0:10:10]} Rf6 {[%clk 0:19:49]} 28. Qh4 {[%clk 0:07:22]} Re2
{[%clk 0:18:30]} 29. Rb1 {[%clk 0:01:35]} Qd2 {[%clk 0:16:32]} 30. Rxb7
{[%clk 0:00:37]} Qe3+ {[%clk 0:13:38]} 31. Kh1 {[%clk 0:01:04]} Rxf5
{[%clk 0:13:44]} 32. Rg1 {[%clk 0:00:34]} Rxg2 {[%clk 0:11:55]} 33. Rb8+
{[%clk 0:00:35]} Kg7 {[%clk 0:12:19]} 34. Re1 {[%clk 0:00:34]} Rxh2+
{[%clk 0:11:27]} 35. Qxh2 {[%clk 0:00:34]} Qxe1+ {[%clk 0:11:51]} 36. Kg2
{[%clk 0:00:38]} Rf2+ {[%clk 0:12:12]} 0-1

[Event "EYTCC-G"]
[Site "?"]
[Date "2017.08.18"]
[Round "2.7"]
[White "Arda, Cagil Irmak"]
[Black "Kiolbasa, Oliwia"]
[Result "1/2-1/2"]
[BlackElo "2241"]
[WhiteElo "2124"]
[LiveChessVersion "1.4.6"]

1. e4 {[%clk 1:30:27]} c5 {[%clk 1:30:44]} 2. Nf3 {[%clk 1:30:48]} e6
{[%clk 1:30:57]} 3. d4 {[%clk 1:30:32]} cxd4 {[%clk 1:31:13]} 4. Nxd4
{[%clk 1:30:56]} a6 {[%clk 1:31:25]} 5. c4 {[%clk 1:31:14]} Nf6 {[%clk 1:31:30]}
6. Nc3 {[%clk 1:31:32]} Bb4 {[%clk 1:31:37]} 7. Qd3 {[%clk 1:28:54]} Qc7
{[%clk 1:31:16]} 8. a3 {[%clk 1:24:07]} Be7 {[%clk 1:28:58]} 9. Be2
{[%clk 1:22:41]} O-O {[%clk 1:27:58]} 10. Be3 {[%clk 1:21:05]} d6
{[%clk 1:27:31]} 11. O-O {[%clk 1:20:07]} Nbd7 {[%clk 1:27:10]} 12. Rac1
{[%clk 1:13:27]} b6 {[%clk 1:16:30]} 13. f3 {[%clk 1:11:23]} Bb7 {[%clk 1:15:55]}
14. Rfd1 {[%clk 1:08:40]} Rac8 {[%clk 1:13:13]} 15. b4 {[%clk 1:06:19]} Qb8
{[%clk 1:10:59]} 16. Nb3 {[%clk 1:05:34]} Bd8 {[%clk 0:56:20]} 17. Kh1
{[%clk 0:45:05]} Bc7 {[%clk 0:55:37]} 18. Qd2 {[%clk 0:44:45]} Rfd8
{[%clk 0:51:47]} 19. Qe1 {[%clk 0:43:07]} d5 {[%clk 0:42:36]} 20. cxd5
{[%clk 0:36:11]} exd5 {[%clk 0:41:47]} 21. Nxd5 {[%clk 0:34:48]} Nxd5
{[%clk 0:41:26]} 22. exd5 {[%clk 0:35:11]} Bxh2 {[%clk 0:41:09]} 23. Rxc8
{[%clk 0:34:23]} Rxc8 {[%clk 0:39:23]} 24. d6 {[%clk 0:25:40]} Be5
{[%clk 0:36:40]} 25. Bd4 {[%clk 0:22:55]} Bd5 {[%clk 0:19:34]} 26. Na1
{[%clk 0:17:01]} Qxd6 {[%clk 0:10:48]} 27. Bxe5 {[%clk 0:15:29]} Qxe5
{[%clk 0:10:08]} 28. Bxa6 {[%clk 0:14:38]} Qxe1+ {[%clk 0:07:24]} 29. Rxe1
{[%clk 0:15:03]} Rc3 {[%clk 0:07:13]} 30. Bb5 {[%clk 0:12:08]} Nf6
{[%clk 0:06:03]} 31. a4 {[%clk 0:12:28]} g6 {[%clk 0:05:39]} 32. a5
{[%clk 0:10:17]} bxa5 {[%clk 0:05:14]} 33. bxa5 {[%clk 0:10:39]} Rc5
{[%clk 0:04:47]} 34. Bf1 {[%clk 0:05:31]} Rxa5 {[%clk 0:05:05]} 35. Nc2
{[%clk 0:05:58]} Kg7 {[%clk 0:04:04]} 36. Ne3 {[%clk 0:06:00]} Be6
{[%clk 0:04:01]} 37. Kh2 {[%clk 0:05:42]} h5 {[%clk 0:03:51]} 38. Bc4
{[%clk 0:04:57]} Re5 {[%clk 0:02:23]} 39. Bd3 {[%clk 0:03:21]} Nd5
{[%clk 0:01:15]} 40. Nc2 {[%clk 0:32:14]} Rxe1 {[%clk 0:31:05]} 41. Nxe1
{[%clk 0:32:39]} Kf6 {[%clk 0:30:14]} 42. Kg3 {[%clk 0:30:55]} Bf5
{[%clk 0:26:02]} 43. Bc4 {[%clk 0:30:04]} Ne3 {[%clk 0:21:54]} 44. Bb3
{[%clk 0:29:19]} Be6 {[%clk 0:22:18]} 45. Ba4 {[%clk 0:29:39]} Ke5
{[%clk 0:19:42]} 46. Nd3+ {[%clk 0:27:35]} Kd4 {[%clk 0:19:52]} 47. Nf4
{[%clk 0:27:04]} Bc4 {[%clk 0:18:50]} 48. Be8 {[%clk 0:25:43]} Nf5+
{[%clk 0:16:30]} 49. Kf2 {[%clk 0:22:18]} Ke5 {[%clk 0:15:00]} 50. Nh3
{[%clk 0:16:09]} Nd6 {[%clk 0:14:24]} 51. Ba4 {[%clk 0:15:43]} Be6
{[%clk 0:14:50]} 52. Ng1 {[%clk 0:14:52]} Nf5 {[%clk 0:14:24]} 53. Be8
{[%clk 0:14:41]} Nd4 {[%clk 0:14:00]} 54. Kg3 {[%clk 0:13:36]} Bc4
{[%clk 0:14:08]} 55. Nh3 {[%clk 0:11:43]} Ne2+ {[%clk 0:13:27]} 56. Kf2
{[%clk 0:10:16]} Nf4 {[%clk 0:13:19]} 57. Ng5 {[%clk 0:09:31]} Kf6
{[%clk 0:12:48]} 58. Ne4+ {[%clk 0:09:28]} Ke7 {[%clk 0:13:13]} 59. Ba4
{[%clk 0:08:11]} Bd5 {[%clk 0:12:46]} 60. Nc3 {[%clk 0:07:48]} Bb7
{[%clk 0:13:06]} 61. Bc2 {[%clk 0:07:36]} Nd5 {[%clk 0:11:43]} 62. Ne2
{[%clk 0:07:38]} Kd6 {[%clk 0:11:55]} 63. Kg3 {[%clk 0:06:57]} Ke5
{[%clk 0:11:44]} 64. Ba4 {[%clk 0:05:59]} Ba6 {[%clk 0:11:38]} 65. Ng1
{[%clk 0:05:50]} Bc4 {[%clk 0:11:09]} 66. Nh3 {[%clk 0:05:44]} Nc3
{[%clk 0:11:05]} 67. Be8 {[%clk 0:05:55]} Ne2+ {[%clk 0:11:11]} 68. Kf2
{[%clk 0:05:54]} Nf4 {[%clk 0:11:27]} 69. Ng5 {[%clk 0:06:10]} Kf6
{[%clk 0:11:27]} 70. Ne4+ {[%clk 0:06:35]} Ke7 {[%clk 0:11:53]} 71. Ba4
{[%clk 0:06:50]} Bd5 {[%clk 0:11:52]} 72. Nd2 {[%clk 0:06:36]} Kf6
{[%clk 0:12:05]} 73. Be8 {[%clk 0:06:21]} Ke5 {[%clk 0:11:52]} 74. Nf1
{[%clk 0:06:11]} Kd4 {[%clk 0:11:18]} 75. Ne3 {[%clk 0:04:43]} Be6
{[%clk 0:11:28]} 76. Nf1 {[%clk 0:05:01]} Nd3+ {[%clk 0:09:29]} 77. Kg3
{[%clk 0:05:07]} Bc4 {[%clk 0:09:24]} 78. Nd2 {[%clk 0:05:22]} Bd5
{[%clk 0:09:32]} 79. Nf1 {[%clk 0:05:39]} g5 {[%clk 0:07:58]} 80. Kh2
{[%clk 0:05:06]} h4 {[%clk 0:07:07]} 81. Bd7 {[%clk 0:04:48]} Ne5
{[%clk 0:06:21]} 82. Bc8 {[%clk 0:04:23]} Kd3 {[%clk 0:04:11]} 83. Kg1
{[%clk 0:03:09]} Ke2 {[%clk 0:03:53]} 84. Nh2 {[%clk 0:03:07]} Be6
{[%clk 0:03:25]} 85. Ba6+ {[%clk 0:03:24]} Bc4 {[%clk 0:01:50]} 86. Bc8
{[%clk 0:03:50]} Ke3 {[%clk 0:02:09]} 87. Bb7 {[%clk 0:03:40]} f5
{[%clk 0:02:08]} 88. Bc8 {[%clk 0:03:45]} Kf4 {[%clk 0:01:50]} 89. Kf2
{[%clk 0:03:54]} Nd3+ {[%clk 0:02:16]} 90. Kg1 {[%clk 0:04:17]} Nc5
{[%clk 0:02:38]} 91. Kf2 {[%clk 0:04:05]} Be6 {[%clk 0:00:59]} 92. Bxe6
{[%clk 0:04:29]} Nxe6 {[%clk 0:01:26]} 93. Nf1 {[%clk 0:04:52]} Nc5
{[%clk 0:01:21]} 94. g3+ {[%clk 0:04:47]} hxg3+ {[%clk 0:01:36]} 95. Nxg3
{[%clk 0:05:14]} Nd3+ {[%clk 0:01:09]} 96. Kg2 {[%clk 0:05:40]} Ne1+
{[%clk 0:01:06]} 97. Kf2 {[%clk 0:06:04]} Nd3+ {[%clk 0:01:18]} 98. Kg2
{[%clk 0:06:30]} Ne1+ {[%clk 0:01:46]} 99. Kf2 {[%clk 0:06:54]} Nxf3
{[%clk 0:02:14]} 100. Nxf5 {[%clk 0:07:19]} Nd2 {[%clk 0:01:11]} 101. Ng3
{[%clk 0:06:10]} g4 {[%clk 0:01:12]} 102. Ne2+ {[%clk 0:06:12]} Kg5
{[%clk 0:01:37]} 103. Kg2 {[%clk 0:06:27]} Ne4 {[%clk 0:02:01]} 104. Ng3
{[%clk 0:06:05]} Nxg3 {[%clk 0:02:10]} 105. Kxg3 {[%clk 0:06:31]} Kf5
{[%clk 0:02:36]} 106. Kg2 {[%clk 0:06:57]} Kf4 {[%clk 0:03:03]} 107. Kf2
{[%clk 0:07:23]} g3+ {[%clk 0:03:29]} 108. Kg2 {[%clk 0:07:49]} Kg4
{[%clk 0:03:57]} 109. Kg1 {[%clk 0:08:15]} Kf3 {[%clk 0:04:24]} 110. Kf1
{[%clk 0:08:42]} g2+ {[%clk 0:04:50]} 111. Kg1 {[%clk 0:09:10]} Kg3
{[%clk 0:05:16]} 1/2-1/2